[Event "Moscow Tal mem"]
[Site "Moscow"]
[Date "1992.??.??"]
[Round "?"]
[White "Razuvaev, Yuri S"]
[Black "Sorokin, Maxim"]
[Result "1/2-1/2"]
[WhiteElo "2565"]
[BlackElo "2550"]

1.d4 d5 2.c4 e6 3.Nf3 Nf6 4.Nc3 c6 5.e3 Nbd7 6.Bd3 dxc4 7.Bxc4 b5 8.Bd3 Bb7
9.e4 b4 10.Na4 c5 11.e5 Nd5 12.O-O cxd4 13.Re1 a6 14.Bd2 g6 15.Be4 Qb8 16.a3 a5
17.axb4 axb4 18.Bd3 Bg7 19.Bb5 Bc8 20.Bc6 Ra5 21.Nxd4 Ne7 22.f4 O-O 23.Be4 Rd8
24.Nb3 Ra6 25.Be3 Nd5 26.Bxd5 Nf8 27.Qc2 Rxd5 28.Rac1 Rxa4 29.Qxc8 Ra8 30.Qc4 g5
31.g3 Ng6 32.Nd4 Qb7 33.Qc6 Qxc6 34.Nxc6 gxf4 35.gxf4 f6 36.exf6 Bxf6 37.Nxb4 Rb5
38.Nd3 Rb3 39.Rcd1 Rd8 40.Nf2 Rxd1 41.Nxd1  1/2-1/2

[Event "Moscow Tal mem"]
[Site "Moscow"]
[Date "1992.??.??"]
[Round "?"]
[White "Petrosian, Arshak B"]
[Black "Sveshnikov, Evgeny"]
[Result "1-0"]
[WhiteElo "2460"]
[BlackElo "2525"]

1.d4 d5 2.c4 e6 3.Nf3 Nf6 4.Nc3 c6 5.e3 Nbd7 6.Qc2 Bd6 7.Be2 O-O 8.O-O Re8
9.Bd2 a6 10.Rad1 e5 11.cxd5 cxd5 12.dxe5 Nxe5 13.Nxe5 Bxe5 14.f4 Bb8 15.Bf3 Ba7
16.Kh1 b5 17.Bc1 Bb7 18.Qd3 Rc8 19.Qf5 Rc5 20.Qd3 Qc8 21.Ne2 b4 22.Nd4 a5
23.Qf5 Ba6 24.Qxc8 Rexc8 25.Rfe1 Ne4 26.Bxe4 dxe4 27.a3 bxa3 28.bxa3 Rb8
29.Bd2 Rb2 30.Bc1 Rb1 31.Nb3 Rc8 32.Nd2 Ra1 33.Nb3 Ra2 34.Nxa5 h6 35.Nb3 Bc4
36.Nd4 Bd3 37.Rg1 g6 38.Rd2 Rxd2 39.Bxd2 Bxd4 40.exd4 Rc2 41.Bb4 Bc4 42.Re1 f5
43.h4 Kf7 44.Re3 Rf2 45.Rc3 Bd5 46.Rc7+ Kf6 47.Rd7 Ba8 48.Rd8 Bb7 49.Rd6+  1-0

[Event "Moscow Tal mem"]
[Site "Moscow"]
[Date "1992.??.??"]
[Round "?"]
[White "Krasenkow, Michal"]
[Black "Filipenko, Alexander V"]
[Result "1-0"]
[WhiteElo "2555"]
[BlackElo "2390"]

1.d4 d5 2.c4 c6 3.Nc3 Nf6 4.e3 e6 5.Nf3 Nbd7 6.Qc2 Bd6 7.g4 Nxg4 8.Rg1 f5
9.h3 Ngf6 10.Rxg7 Ne4 11.Bd2 Qf6 12.Rg2 b6 13.Qa4 Bb7 14.cxd5 b5 15.Nxb5 cxb5
16.Bxb5 Rd8 17.Bc6 Nxd2 18.Kxd2 Bxc6 19.dxc6 Nb6 20.Qxa7 Nc4+ 21.Ke2 Bb8
22.Qc5 Nxb2 23.c7 Bxc7 24.Qxc7 Qe7 25.Qxe7+ Kxe7 26.Ne5 Rdg8 27.Rxg8 Rxg8
28.Rb1  1-0

[Event "Moscow Tal mem"]
[Site "Moscow"]
[Date "1992.??.??"]
[Round "?"]
[White "Kharitonov, Andrei Y"]
[Black "Khalifman, Alexander"]
[Result "1/2-1/2"]
[WhiteElo "2505"]
[BlackElo "2635"]

1.d4 Nf6 2.Nf3 d5 3.c4 e6 4.Nc3 c6 5.e3 Nbd7 6.Bd3 dxc4 7.Bxc4 b5 8.Bd3 Bb7
9.O-O a6 10.a4 b4 11.Ne4 c5 12.Ned2 Be7 13.Qe2 Qc7 14.Rd1 O-O 15.a5 Rfd8
16.Nc4 Be4 17.b3  1/2-1/2

[Event "Moscow ZSKS"]
[Site "Moscow"]
[Date "1992.??.??"]
[Round "?"]
[White "Krasenkow, Michal"]
[Black "Shvedchikov, Anatoli I"]
[Result "1-0"]
[WhiteElo "2495"]
[BlackElo "2330"]

1.Nf3 d5 2.d4 c6 3.c4 Nf6 4.Nc3 e6 5.e3 Nbd7 6.Qc2 Bd6 7.Be2 dxc4 8.Bxc4 O-O
9.O-O e5 10.h3 Qc7 11.Bb3 b5 12.Bd2 Bb7 13.Rac1 Rac8 14.Qf5 a6 15.a4 exd4
16.exd4 Qb6 17.axb5 axb5 18.Rfd1 c5 19.Ne5 Rc7 20.Nxd7 Nxd7 21.dxc5 Nxc5
22.Be3 g6 23.Qg5 Be7 24.Qf4 b4 25.Na4 Qa5 26.Nxc5 Bxc5 27.Qe5 Rfc8 28.Rxc5 Rxc5
29.Bxf7+  1-0

[Event "Munich op9192"]
[Site "Munich"]
[Date "1992.??.??"]
[Round "2"]
[White "Yakovich, Yuri"]
[Black "Lazic, Miroljub"]
[Result "1-0"]
[WhiteElo "2560"]
[BlackElo "2430"]

1.d4 d5 2.c4 c6 3.Nc3 Nf6 4.e3 e6 5.Nf3 Nbd7 6.Bd3 dxc4 7.Bxc4 b5 8.Bd3 a6
9.e4 c5 10.d5 exd5 11.e5 Ng4 12.Bg5 Be7 13.Bxe7 Kxe7 14.Nxd5+ Kf8 15.Be4 Bb7
16.e6 fxe6 17.Nf4 Qa5+ 18.Kf1 Bxe4 19.Qxd7 Re8  1-0

[Event "Munich op9192"]
[Site "Munich"]
[Date "1992.??.??"]
[Round "3"]
[White "Lorscheid, Gerhard"]
[Black "Trabert, Bettina"]
[Result "1/2-1/2"]
[WhiteElo "2275"]
[BlackElo "2130"]

1.d4 d5 2.c4 e6 3.Nc3 c6 4.e3 Nf6 5.Nf3 Nbd7 6.Qc2 Bd6 7.Be2 O-O 8.O-O Qe7
9.Rd1 h6 10.h3 a6 11.a3 dxc4 12.Bxc4 b5 13.Be2 c5 14.dxc5 Bxc5 15.Ne4 Bb7
16.Nxc5 Nxc5 17.b4 Nce4 18.Bd2 Rac8 19.Qb2 Nxd2 20.Rxd2 Ne4 21.Rd3 Rfd8 22.Rad1 Rxd3
23.Rxd3 Qc7 24.Nd4 Qc1+  1/2-1/2

[Event "Munich op9192"]
[Site "Munich"]
[Date "1992.??.??"]
[Round "5"]
[White "Alterman, Boris"]
[Black "Spassov, Liuben"]
[Result "1-0"]
[WhiteElo "2495"]
[BlackElo "2415"]

1.d4 d5 2.c4 c6 3.Nf3 Nf6 4.Nc3 e6 5.e3 Nbd7 6.Bd3 dxc4 7.Bxc4 b5 8.Bd3 Bb7
9.e4 b4 10.Na4 c5 11.e5 Nd5 12.O-O cxd4 13.Re1 g6 14.Bd2 Be7 15.Bh6 Bf8 16.Bd2 Be7
17.Nxd4 O-O 18.Bh6 Re8 19.Qg4 Bf8 20.Bxf8 Rxf8 21.h4 Qe7 22.h5 Rfe8 23.Rad1 a6
24.Bb1 Qf8 25.hxg6 hxg6 26.Qg5 Rac8 27.f4 Qg7 28.Be4 Rc7 29.Rc1 Rxc1 30.Rxc1 Nf8
31.Bxd5 Bxd5 32.Nb6 Nh7 33.Qg4 Rd8 34.Nxd5 Rxd5 35.Rc8+ Nf8 36.Nc6 f5 37.Qg5 Rd7
38.Qf6 Qf7 39.Qxf7+ Kxf7 40.Nxb4 Rd1+ 41.Kh2 Rd4 42.Rc7+ Kg8 43.Nxa6 Rxf4
44.b4 g5 45.b5 Rh4+ 46.Kg1 Ra4 47.b6 Rxa6 48.b7 Rb6 49.a4 Rb1+ 50.Kh2 g4
51.a5 f4 52.a6 Rb2 53.a7  1-0

[Event "Munich op9192"]
[Site "Munich"]
[Date "1992.??.??"]
[Round "6"]
[White "Greenfeld, Alon"]
[Black "Lazic, Miroljub"]
[Result "1-0"]
[WhiteElo "2515"]
[BlackElo "2430"]

1.d4 d5 2.c4 c6 3.Nf3 Nf6 4.Nc3 e6 5.e3 Nbd7 6.Bd3 Bd6 7.O-O O-O 8.e4 dxc4
9.Bxc4 e5 10.Bg5 Qe7 11.Re1 Re8 12.Qd2 b5 13.Bb3 Bb7 14.dxe5 Bxe5 15.Nxe5 Nxe5
16.Rad1 h6 17.Bxf6 Qxf6 18.f4 Ng6 19.e5 Qh4 20.g3 Qh5 21.Qe2 Qh3 22.e6 Kh8
23.Rd7 Rab8 24.Rxf7 b4 25.Ne4 Rxe6 26.f5 Ba6 27.Qxa6 Nf4 28.Qf1  1-0

[Event "Nassau Masters"]
[Site "Nassau"]
[Date "1992.??.??"]
[Round "4"]
[White "Laflair, R."]
[Black "Renna, Tony"]
[Result "1-0"]
[WhiteElo "2330"]
[BlackElo "2360"]

1.d4 d5 2.c4 c6 3.Nf3 Nf6 4.e3 e6 5.Nc3 Nbd7 6.Qc2 Bd6 7.Be2 O-O 8.O-O dxc4
9.Bxc4 b5 10.Be2 Bb7 11.e4 e5 12.dxe5 Nxe5 13.Nxe5 Bxe5 14.Be3 Qe7 15.Bf3 a6
16.Rfe1 Rac8 17.Rad1 c5 18.Nd5 Nxd5 19.exd5 Qf6 20.b3 c4 21.bxc4 Rxc4 22.Qe2 Bd6
23.Rc1 Qe5 24.g3 Bxd5 25.Rcd1 Bxf3 26.Qxf3 Bb4 27.Bd2 Qc7 28.Bxb4 Rxb4 29.Qd5 Rb2
30.Rd2 Rxd2 31.Qxd2 Rd8 32.Qe3 h6 33.h4 Qc2 34.Re2 Rd1+ 35.Kg2 Qc6+ 36.f3 Rd6
37.a3 Re6 38.Qf2 Rxe2 39.Qxe2 Qe6 40.Qd3 Qc4 41.Qe3 Qc6 42.h5 Qc2+ 43.Kh3 Qc8+
44.g4 Qe6 45.Qc5 Qd7 46.Qb6 Qe6 47.Qd8+ Kh7 48.Qd3+ g6 49.hxg6+ Qxg6 50.Qd5 Qe6
51.Qe4+ Kg7 52.Qd4+ Qf6 53.Qe3 a5 54.Qb3 Qe5 55.Kg2 Qc5 56.Qb2+ Kg8 57.Qa2 b4
58.axb4 axb4 59.Qa8+ Kg7 60.Qa4 Qc3 61.Qa5 Qd2+ 62.Kg3 Qd6+ 63.Kg2 Qd4 64.Qb5 Qb2+
65.Kg3 b3 66.Qb4 Qe5+ 67.Kh3 b2 68.f4 Qe3+  1-0

[Event "Nassau-ch"]
[Site "Nassau"]
[Date "1992.??.??"]
[Round "5"]
[White "Bonin, Jay R"]
[Black "Weldon, Charles"]
[Result "1-0"]
[WhiteElo "2405"]
[BlackElo "2330"]

1.d4 d5 2.c4 e6 3.Nf3 Nf6 4.Nc3 c6 5.e3 Nbd7 6.Qc2 Be7 7.Be2 dxc4 8.Bxc4 b5
9.Bd3 a6 10.e4 c5 11.e5 Nd5 12.Nxd5 exd5 13.e6 fxe6 14.Bxh7 cxd4 15.Nxd4 Ne5
16.Bf4 Bf6 17.O-O Bd7 18.Rfe1 Rc8 19.Qe2 Rxh7 20.Bxe5 Kf7 21.b3 Bxe5 22.Qxe5 Qc7
23.f4 Qxe5 24.Rxe5 Rch8 25.Rc1 Ke7 26.Rc7 Kd6 27.Ra7 Rxh2 28.b4 R2h4 29.Rxa6+ Kc7
30.g3 Rh1+ 31.Kg2 R8h2+ 32.Kf3 Rf1+ 33.Kg4 Ra1 34.Nxe6+ Kb7 35.Rd6 Bc8 36.f5 Raxa2
37.Nxg7 Rab2 38.Re7+ Ka8 39.Rd8 Rxb4+ 40.Kg5 Rc4 41.Ne6 Rg2 42.f6 Rxg3+ 43.Kf5 Kb8
44.f7 Rf3+ 45.Ke5 Re4+ 46.Kxd5 Rxe6 47.Rxc8+ Kxc8 48.Kxe6 b4 49.Re8+ Kc7
50.f8=Q Rxf8 51.Rxf8 Kc6 52.Rf5  1-0

[Event "Nettetal"]
[Site "Nettetal"]
[Date "1992.??.??"]
[Round "3"]
[White "Lechtynsky, Jiri"]
[Black "Thesing, Matthias"]
[Result "1-0"]
[WhiteElo "2410"]
[BlackElo "2415"]

1.Nf3 d5 2.d4 Nf6 3.c4 e6 4.Nc3 c6 5.e3 Nbd7 6.Qc2 Bd6 7.Bd2 O-O 8.h3 e5
9.cxd5 cxd5 10.Nb5 Bb8 11.Bb4 Re8 12.Rc1 e4 13.Nd2 Nf8 14.Nc7 Bxc7 15.Qxc7 Bd7
16.Qxd8 Rexd8 17.Be2 Rdc8 18.O-O Rxc1 19.Rxc1 Rc8 20.Rxc8 Bxc8 21.Nb1 Be6
22.Nc3 Ne8 23.Bb5 Nc7 24.Ba4 Bd7 25.Bxf8 Bxa4 26.Bxg7 Bc6 27.Be5 Ne6 28.Ne2 Bb5
29.Ng3 Bc6 30.Nh5 h6 31.Nf6+ Kf8 32.Kh2  1-0

[Event "New York m"]
[Site "New York"]
[Date "1992.??.??"]
[Round "1"]
[White "Ashley, Maurice"]
[Black "Polgar, Sofia"]
[Result "0-1"]
[WhiteElo "2370"]
[BlackElo "2445"]

1.d4 d5 2.Nf3 Nf6 3.c4 e6 4.Nc3 c6 5.e3 Nbd7 6.Bd3 dxc4 7.Bxc4 b5 8.Bd3 Bb7
9.O-O a6 10.e4 c5 11.d5 c4 12.Bc2 Qc7 13.dxe6 fxe6 14.e5 Nxe5 15.Nxe5 Qxe5
16.Re1 Qd6 17.Qe2 Be7 18.Qxe6 Qxe6 19.Rxe6 Kf7 20.Rb6 Rab8 21.Bf4 Bc5 22.Bxb8 Bxb6
23.Bf4 Rd8 24.Rd1 Rxd1+ 25.Nxd1 a5 26.Kf1 b4 27.f3 Bc6 28.Bd2 Bc5 29.Ke1 a4
30.Ne3 Bb5 31.Kd1 g6 32.h3 Bd4 33.Bc1 Ke6 34.Bb1 b3 35.a3 Nd7 36.h4 Nb6 37.h5 Be8
38.f4 c3 39.bxc3 Bxe3 40.Bxe3 Nc4 41.Bc5 Kd5 42.Bf8 gxh5 43.Bxh7 Ne3+ 44.Kd2 Nxg2
45.f5 h4 46.c4+ Kxc4 47.Bg6 h3 48.Bd6 Kd5 49.Bg3 Bxg6 50.fxg6 Ke6 51.Be5 Nh4
52.g7 Kf7  0-1

[Event "NLD-ch"]
[Site "?"]
[Date "1992.??.??"]
[Round "?"]
[White "Cifuentes Parada, Roberto"]
[Black "Brenninkmeijer, Joris"]
[Result "1-0"]
[WhiteElo "2540"]
[BlackElo "2500"]

1.d4 d5 2.c4 c6 3.Nc3 Nf6 4.e3 e6 5.Nf3 Nbd7 6.Bd3 dxc4 7.Bxc4 b5 8.Bd3 Bb7
9.O-O a6 10.e4 c5 11.d5 c4 12.Bc2 Qc7 13.Qe2 Bd6 14.Bg5 O-O-O 15.dxe6 fxe6
16.Rad1 h6 17.Bh4 Ne5 18.Nd4 Rhe8 19.Bg3 Qc5 20.Kh1 Bc7 21.Nf3 g5 22.Nxe5 Bxe5
23.Bxe5 Qxe5 24.a4 Rxd1 25.Rxd1 Rd8 26.Ra1 b4 27.Qxc4+ Kb8 28.Rd1 Rxd1+ 29.Nxd1 Nxe4
30.Qxb4 a5 31.Qb6 Qd5 32.f3 Nd6 33.h3 Nc4 34.Qf2 Qd6 35.b3 Na3 36.Ne3 Qd4
37.Qg3+ Ka7 38.Qe1 Qe5 39.Bd3 Ba6 40.Bxa6 Kxa6 41.Qc1 h5 42.Nf1 Qd6 43.Nd2 g4
44.Ne4 Qb4 45.Qc6+ Ka7 46.Qc5+ Qxc5 47.Nxc5 gxf3 48.gxf3 Kb6 49.Nxe6 Nc2
50.Kg2 Kc6 51.Kf2 Kd5 52.Nf4+ Ke5 53.Nxh5 Na1 54.Ke3 Nxb3 55.Nf4 Kf5 56.Nd3 Kg5
57.f4+ Kf5 58.h4 Kg4 59.Ke4 Nd2+ 60.Kd5 Kxh4 61.Kc6 Kg4 62.Kb5 Nb3 63.Nc5 Nd4+
64.Kxa5 Kxf4 65.Kb6 Ke5 66.a5 Nf5 67.a6 Nd6 68.Kc6 Nc8 69.Nb3 Na7+ 70.Kb7 Nb5
71.Kb6 Nd6 72.Kc5 Nc8 73.Nd4 Ke4 74.Nb5  1-0

[Event "NOR-ch"]
[Site "?"]
[Date "1992.??.??"]
[Round "5"]
[White "Tisdall, Jonathan D"]
[Black "Grotnes, Nils"]
[Result "1/2-1/2"]
[WhiteElo "2435"]
[BlackElo "2345"]

1.Nf3 d5 2.c4 c6 3.d4 Nf6 4.Nc3 e6 5.e3 Nbd7 6.Qc2 Bd6 7.Be2 Qe7 8.O-O O-O
9.b3 Re8 10.Bb2 dxc4 11.Bxc4 h6 12.Rad1 e5 13.Ne4 Nxe4 14.Qxe4 Nf6 15.Qh4 e4
16.Ne5 Be6 17.f4 exf3 18.Rxf3 Bxe5 19.dxe5 Nd7 20.Qxe7 Rxe7 21.Bxe6 fxe6
22.Rf4 c5 23.Rf2 Rc8 24.Rd6 Nf8 25.Rc2 Kf7 26.Kf2 Rec7 27.Rc4 Ng6 28.a4 b6
29.Ke2 Nh8 30.h4 Ke7 31.Rg4 Rg8 32.Bc3 Nf7 33.Rd1 Nd8 34.h5 Rd7 35.Rf1 Nc6
36.Be1 Nxe5 37.Bh4+ Ke8 38.Re4 Rd5 39.Bg3 Nc6 40.Rxe6+ Kd7 41.Rg6 Ne7 42.Rf7 Rf5
43.Rfxg7 Rxg7 44.Rxg7 Rxh5 45.Bf4 Rh1 46.Kd3 Ke6 47.Rh7 h5 48.g3 Rd1+ 49.Kc2 Rd5
50.Rh6+ Kd7 51.e4 Rd4 52.e5 Re4 53.Rxh5 Nd5 54.Rh7+ Ke6 55.Rxa7 Nxf4 56.gxf4 Rxf4
57.Ra6 Kxe5 58.Rxb6 Kd5 59.Rh6  1/2-1/2

[Event "Nordic zt"]
[Site "?"]
[Date "1992.??.??"]
[Round "1"]
[White "Hoi, Carsten"]
[Black "Hector, Jonny"]
[Result "1-0"]
[WhiteElo "2445"]
[BlackElo "2535"]

1.d4 d5 2.Nf3 Nf6 3.c4 c6 4.Nc3 e6 5.e3 Ne4 6.Bd3 f5 7.O-O Nd7 8.cxd5 exd5
9.Ne5 Nxe5 10.dxe5 Nc5 11.Bc2 Be7 12.b3 O-O 13.Bb2 Ne6 14.Ne2 b6 15.Qd2 c5
16.f4 Bb7 17.Rac1 Qe8 18.Ng3 g6 19.Bd3 a6 20.Be2 Qf7 21.Bf3 Rfd8 22.Qe2 Bf8
23.Nh1 a5 24.g4 fxg4 25.Bxg4 Ba6 26.Qg2 Bxf1 27.Rxf1 d4 28.f5 Ng7 29.exd4 cxd4
30.f6 Ne6 31.Qc6 Nc5 32.e6 Qa7 33.Qf3 Kh8 34.Re1 Bh6 35.e7  1-0

[Event "Nordic zt"]
[Site "?"]
[Date "1992.??.??"]
[Round "8"]
[White "Hjartarson, Johann"]
[Black "Hansen, Lars Bo"]
[Result "1/2-1/2"]
[WhiteElo "2595"]
[BlackElo "2530"]

1.c4 c6 2.Nc3 d5 3.d4 Nf6 4.e3 e6 5.Nf3 Nbd7 6.Bd3 dxc4 7.Bxc4 b5 8.Bd3 b4
9.Ne4 Be7 10.Nxf6+ Nxf6 11.e4 Bb7 12.a3 bxa3 13.bxa3 c5 14.dxc5 O-O 15.Qe2 Nd7
16.c6 Bxc6 17.O-O Bf6 18.Rb1 Ne5 19.Nxe5  1/2-1/2

[Event "Norresundby op"]
[Site "Norresundby"]
[Date "1992.??.??"]
[Round "2"]
[White "Fries Nielsen, Jens Ove"]
[Black "Rasmussen, Karsten"]
[Result "1/2-1/2"]
[WhiteElo "2395"]
[BlackElo "2450"]

1.d4 d5 2.c4 c6 3.Nc3 Nf6 4.Nf3 e6 5.e3 Nbd7 6.Qc2 Bd6 7.b3 O-O 8.Be2 Re8
9.O-O Qe7 10.Rd1 b6 11.e4 dxe4 12.Nxe4 Nxe4 13.Qxe4 Bb7 14.Bg5 Nf6 15.Qc2 c5
16.dxc5 Bxc5 17.Bh4 e5 18.Qf5 Be4 19.Qh3 Bg6 20.Bf1 e4 21.Nd4 Qe5 22.Nc2 Bh5
23.Re1 Ng4 24.b4 Be7 25.Bxe7 Rxe7 26.Ne3 Nxe3 27.Qxe3 f5 28.f4 Qb2 29.Reb1 Qf6
30.c5 Rc8 31.Ba6 Rcc7 32.Bc4+ Kh8 33.Rc1 h6 34.Bb5 g5 35.Bf1 gxf4 36.Qxf4 bxc5
37.bxc5 Kg7 38.Rab1 Qd4+ 39.Kh1 Qf6 40.Rb3 Bg6 41.Be2 Qg5 42.g3 Bf7 43.Ra3 Bd5
44.h4 Qxf4 45.gxf4 Kf6 46.Kh2 Re6 47.Rc2 Rg7 48.Rd2 Rd7 49.Rd4 Ree7 50.Ra6+ Be6
51.Rxd7 Rxd7 52.Bc4 Re7 53.Kg1 Kf7 54.Bxe6+ Rxe6 55.c6 Rd6 56.c7 Rd1+ 57.Kf2 Rc1
58.Rxa7 Ke6 59.Ke3 Kd7 60.Ra5 Ke6 61.Ra6+ Kd5  1/2-1/2

[Event "Norresundby op"]
[Site "Norresundby"]
[Date "1992.??.??"]
[Round "5"]
[White "Jelling, Erik"]
[Black "Savchenko, Stanislav"]
[Result "1-0"]
[WhiteElo "2400"]
[BlackElo "2505"]

1.d4 d5 2.c4 c6 3.Nf3 Nf6 4.Nc3 e6 5.e3 Nbd7 6.Qc2 Bd6 7.Be2 O-O 8.O-O Re8
9.b3 Qe7 10.Bb2 dxc4 11.bxc4 e5 12.Rfe1 e4 13.Nd2 Nf8 14.f3 exf3 15.Bxf3 Ng4
16.Nf1 Qg5 17.c5 Bc7 18.e4 Ne6 19.Rad1 Rd8 20.h3 Nh6 21.Ne2 Qg6 22.h4 Nf4
23.Nxf4 Bxf4 24.Bc1 Bxc1 25.Qxc1 f5 26.d5 fxe4 27.Bxe4 Bf5 28.Bxf5 Nxf5 29.d6 b6
30.Ne3 bxc5 31.Qc4+ Kh8 32.Nxf5 Qxf5 33.Re7 Rf8 34.d7 Rab8 35.Qe4 Rbd8 36.Re8 Qf6
37.Rd3 Qf1+ 38.Kh2 Qf7 39.Re7 Qf6 40.Rg3 g6 41.h5 Rg8 42.h6 Qd6 43.Re8 g5
44.Rxd8 Rxd8 45.Qe8+ Qf8 46.Qxf8+ Rxf8 47.Re3  1-0

[Event "Novi Sad"]
[Site "Novi Sad"]
[Date "1992.??.??"]
[Round "9"]
[White "Kozul, Zdenko"]
[Black "Lazic, Miroljub"]
[Result "0-1"]
[WhiteElo "2545"]
[BlackElo "2430"]

1.d4 d5 2.c4 c6 3.Nc3 Nf6 4.e3 e6 5.Nf3 Nbd7 6.Bd3 dxc4 7.Bxc4 b5 8.Bd3 Bb7
9.O-O a6 10.e4 b4 11.Na4 c5 12.e5 Nd5 13.Ng5 Be7 14.Qg4 cxd4 15.Nxe6 fxe6
16.Qxg7 Rf8 17.Bxh7 Qa5 18.b3 O-O-O 19.Nb2 Qc7 20.Nc4 Nc5 21.f4 Nc3 22.Bd2 N5e4
23.Qg4 Bd5 24.Rfe1 Nxd2 25.Nxd2 Qb7 26.f5 exf5 27.Bxf5+ Kb8 28.Be6 Rg8 29.Bxg8 Rxg8
30.Qxd4 Rxg2+ 31.Kf1 Bc5 32.Qf4 Rg1+  0-1

[Event "Oakham"]
[Site "Oakham"]
[Date "1992.??.??"]
[Round "2"]
[White "Har Zvi, Ronen"]
[Black "Mueller, Karsten"]
[Result "1/2-1/2"]
[WhiteElo "2350"]
[BlackElo "2460"]

1.c4 e6 2.Nc3 d5 3.d4 c6 4.e3 Nf6 5.Nf3 Nbd7 6.Qc2 Bd6 7.Be2 O-O 8.O-O e5
9.cxd5 cxd5 10.Nb5 Bb8 11.dxe5 Nxe5 12.b3 Bg4 13.Qd1 Nxf3+ 14.Bxf3 Bxf3 15.Qxf3 Be5
16.Nd4 Bxd4 17.exd4 Qb6 18.Qd3 Rfe8 19.Bg5 Ne4 20.Bf4 Rac8 21.Rac1 h6 22.f3 Nf6
23.Rxc8 Rxc8 24.Rc1 Rxc1+ 25.Bxc1 Nd7 26.Be3 Qa5 27.Qe2 Qc3 28.Kf2 a6 29.Qd2 Qxd2+
30.Bxd2 Nb8 31.Ke3 Nc6 32.Kd3 Kh7 33.Bc3 Kg6 34.Ke3 Kf6 35.Be1 h5 36.h3 Kf5
37.g4+ hxg4 38.hxg4+ Kg5 39.Bc3 f5 40.gxf5 Kxf5 41.Be1 Kg5 42.Bd2 Ne7 43.Kf2+ Kf6
44.Ke3 Kf5 45.Be1 Nc6 46.Bc3 Nd8 47.Kf2 Ne6 48.Ke3 Kg5 49.Be1 g6 50.Bg3 Nd8
51.Bd6 Nc6 52.Bc5 Kf5 53.Bd6 Na7 54.Kd3 Ke6 55.Bc5 Nc6 56.Ke3 g5 57.Ba3 Kf5
58.Bd6 Ke6 59.Ba3 Nd8 60.Bc5 Nf7 61.Bf8 Nd8 62.Bc5 Kf5 63.Bd6 Ne6 64.Bb8 g4
65.fxg4+ Kxg4 66.Be5 Ng5 67.Bb8 Ne4 68.Bc7 Ng3 69.Be5 Nf5+ 70.Kf2 Ne7 71.Ke3 Kf5
72.Bd6 Nc6 73.Bc5 Nd8 74.Bd6 Kg4 75.Bc7 Nc6  1/2-1/2

[Event "Oberwart op"]
[Site "Oberwart"]
[Date "1992.??.??"]
[Round "4"]
[White "Michaelsen, Nils"]
[Black "Petschar, Kurt"]
[Result "0-1"]
[WhiteElo "2405"]
[BlackElo "2295"]

1.d4 d5 2.c4 c6 3.Nc3 e6 4.e3 Nf6 5.Nf3 Nbd7 6.Qc2 Bd6 7.g4 dxc4 8.g5 Nd5
9.Bxc4 b5 10.Be2 Bb7 11.Ne4 Be7 12.Bd2 a6 13.h4 Qc7 14.Nc5 Nxc5 15.dxc5 a5
16.a3 Bc8 17.Rc1 Bd7 18.Qe4 Qa7 19.Qd4 f6 20.e4 e5 21.Nxe5 fxe5 22.Qxe5 O-O
23.exd5 Bxc5 24.dxc6 Bxf2+ 25.Kd1 Rae8 26.Qxb5 Bf5 27.Rf1 Rd8 28.c7 Rxd2+
29.Kxd2 Qe3+ 30.Kd1 Qd4+ 31.Bd3 Bxd3 32.Qc5 Qg4+ 33.Kd2 Bxc5 34.Rxf8+ Kxf8
35.Rxc5 Bf5  0-1

[Event "Oberwart op"]
[Site "Oberwart"]
[Date "1992.??.??"]
[Round "6"]
[White "Agrest, Evgenij"]
[Black "Vavra, Pavel"]
[Result "1-0"]
[WhiteElo "2470"]
[BlackElo "2325"]

1.d4 d5 2.c4 c6 3.e3 Nf6 4.Nc3 e6 5.Nf3 Nbd7 6.Be2 dxc4 7.a4 Bb4 8.Bxc4 O-O
9.O-O Qe7 10.Qc2 e5 11.h3 h6 12.Nh4 Nd5 13.Nf5 Qf6 14.Nxd5 cxd5 15.Bxd5 Nb6
16.Be4 Be6 17.dxe5 Qxe5 18.f4 Qf6 19.Nd4 Rac8 20.Qf2 Rc7 21.b3 Bc3 22.Bb2 Bxb2
23.Qxb2 Re8 24.Bf3 Bd5 25.a5 Rxe3 26.axb6 Qxb6 27.Bxd5 Rd7 28.Qf2 Qxd4 29.Rae1  1-0

[Event "Odorheiu Secuiesc"]
[Site "Odorheiu Secuiesc"]
[Date "1992.??.??"]
[Round "?"]
[White "Rogozenko, Dorin"]
[Black "Kiss, Pal"]
[Result "1-0"]
[WhiteElo "2305"]
[BlackElo "2410"]

1.d4 d5 2.c4 c6 3.Nf3 Nf6 4.Nc3 e6 5.e3 Nbd7 6.Qc2 Bd6 7.g4 dxc4 8.e4 e5
9.g5 Nh5 10.Be3 O-O 11.O-O-O Qc7 12.Bxc4 b5 13.Be2 exd4 14.Nxd4 Nf4 15.Bxb5 Bb7
16.Bf1 Be5 17.Nde2 Nb6 18.Bxf4 Bxf4+ 19.Nxf4 Qxf4+ 20.Qd2 Qxd2+ 21.Rxd2 f5
22.e5 c5 23.Rg1 f4 24.a4 Bc6 25.a5 Nd7 26.Bc4+ Kh8 27.Re1 Rf5 28.e6 Ne5 29.Bd5 Rc8
30.Bxc6 Nxc6 31.e7 Re8 32.Rd6  1-0

[Event "Ontario"]
[Site "Ontario"]
[Date "1992.??.??"]
[Round "?"]
[White "Stone, Raymond"]
[Black "Livshits, Ron"]
[Result "0-1"]
[WhiteElo "2355"]
[BlackElo "2310"]

1.d4 Nf6 2.c4 e6 3.Nf3 d5 4.Nc3 c6 5.e3 Nbd7 6.Qc2 Bd6 7.Be2 O-O 8.O-O dxc4
9.Bxc4 Qe7 10.a3 b5 11.Be2 Bb7 12.Rd1 a6 13.e4 e5 14.Bg5 Rfd8 15.Rd3 h6 16.Bh4 exd4
17.Nxd4 g6 18.Qd2 Nc5 19.Nf5 gxf5 20.Qxh6 Qf8 21.Qxf8+ Kxf8 22.Bxf6 Nxd3
23.Bxd8 Rxd8 24.Bxd3 Bxa3 25.Rxa3 Rxd3 26.Ra1 c5 27.exf5 c4 28.Rd1 Be4 29.f3 Bxf5
30.Kf2 b4 31.Rxd3 Bxd3 32.Nd5 c3 33.Nxc3 bxc3 34.bxc3 Ke7 35.Ke3 Bf1 36.g4 Kd6
37.Kd4 Be2 38.h4 Bxf3  0-1

[Event "Oostende op"]
[Site "Oostende"]
[Date "1992.??.??"]
[Round "2"]
[White "Stull, Norbert"]
[Black "Tischbierek, Raj"]
[Result "0-1"]
[WhiteElo "2230"]
[BlackElo "2495"]

1.d4 Nf6 2.Nf3 d5 3.c4 e6 4.Nc3 c6 5.e3 Nbd7 6.Qc2 Bd6 7.Bd3 O-O 8.O-O e5
9.cxd5 cxd5 10.Nb5 Bb8 11.dxe5 Nxe5 12.Nbd4 Nxf3+ 13.Nxf3 Bg4 14.Ng5 g6 15.f4 Bd6
16.Bd2 Rc8 17.Qb3 Qe7 18.Rae1 Ne4 19.Nxe4 dxe4 20.Bc4 Bc5 21.Bc3 Rfd8 22.h3 Be6
23.Bxe6 Qxe6 24.Qxe6 fxe6 25.Kf2 Rd3 26.Re2 b5 27.Rc1 Bb6 28.Bd2 Rf8 29.g3 e5
30.Bb4 exf4 31.Bxf8 Bxe3+ 32.Rxe3 fxe3+ 33.Ke2 Kxf8 34.Rc7 a5 35.Rxh7 Rd2+
36.Kxe3 Rxb2 37.Kxe4 Rxa2 38.Ke5 b4 39.Kf6 Rf2+ 40.Kxg6 b3 41.Rb7 b2  0-1

[Event "RUS-ch"]
[Site "Orel"]
[Date "1992.??.??"]
[Round "?"]
[White "Ivanov, Sergey"]
[Black "Karasev, Vladimir I"]
[Result "1-0"]
[WhiteElo "2440"]
[BlackElo "2380"]

1.d4 d5 2.c4 e6 3.Nc3 Nf6 4.Nf3 c6 5.e3 Nbd7 6.Bd3 dxc4 7.Bxc4 b5 8.Be2 b4
9.Na4 Qa5 10.O-O Ba6 11.Bxa6 Qxa6 12.Qc2 Be7 13.Bd2 O-O 14.Nc5 Qb5 15.a4 bxa3
16.Rxa3 Nxc5 17.Ra5 Qb7 18.dxc5 Nd5 19.Rfa1 Rfb8 20.e4 Nc7 21.Bf4 Rd8 22.Bxc7 Qxc7
23.g3 Bf6 24.Nd2 Bd4 25.R1a4 Rab8 26.Rxa7 Rb7 27.Rxb7 Qxb7 28.b4 h5 29.Nc4 h4
30.Kg2 Qe7 31.Nd6 Qf6 32.Ra3 h3+ 33.Kxh3 Bxf2 34.Kg2 Be1 35.Rf3 Qg5 36.h4 Qg4
37.Qb1 Bd2 38.b5 cxb5 39.Qxb5 f5  1-0

[Event "RUS-ch"]
[Site "Orel"]
[Date "1992.??.??"]
[Round "?"]
[White "Glyanets, Alexander"]
[Black "Filipenko, Alexander V"]
[Result "1/2-1/2"]
[WhiteElo "2370"]
[BlackElo "2375"]

1.d4 d5 2.c4 c6 3.Nc3 Nf6 4.e3 e6 5.Nf3 Nbd7 6.Qc2 Bd6 7.Be2 O-O 8.O-O b6
9.e4 Nxe4 10.Nxe4 dxe4 11.Qxe4 Bb7 12.Be3 Qe7 13.Rad1 Rad8 14.Bg5 Nf6 15.Qc2 c5
16.dxc5 Bxc5 17.Bh4 h6 18.a3 a5 19.Qc1 e5 20.Qc3 Rxd1 21.Rxd1 g5 22.Bg3 Ne4
23.Qxe5 Qxe5 24.Nxe5 Nxg3 25.hxg3 Re8 26.Bf3 Rxe5 27.Bxb7 Re2 28.b4 Bxf2+
29.Kf1 Rb2 30.g4 Bg3 31.Rd3 Bf4 32.Rd7 axb4 33.axb4 Rxb4 34.Bd5 Rb2 35.Rxf7 Kh8
36.Ke1 Be3 37.Rd7  1/2-1/2

[Event "Orel"]
[Site "Orel"]
[Date "1992.??.??"]
[Round "?"]
[White "Barsov, Alexei"]
[Black "Volzhin, Alexander"]
[Result "1-0"]
[WhiteElo "2400"]
[BlackElo "2405"]

1.d4 d5 2.c4 c6 3.Nc3 e6 4.e3 Nf6 5.Nf3 Nbd7 6.Qc2 Bd6 7.Be2 O-O 8.O-O Qe7
9.e4 Nxe4 10.Nxe4 dxe4 11.Qxe4 c5 12.Rd1 Nf6 13.Qh4 b6 14.dxc5 Bxc5 15.Ne5 Qc7
16.Bf4 Ne4 17.Nd7 Qxd7 18.Rxd7 Bxd7 19.Be3 Bxe3 20.fxe3 Nf6 21.Rd1 Bc6 22.Rd6 Rac8
23.b3 Be4 24.Bf3 Bg6 25.Qd4 h6 26.e4 e5 27.Qxe5 Rfe8 28.Qd4 Rc5 29.Rd8 Rxd8
30.Qxd8+ Kh7 31.Qe7  1-0

[Event "RUS-ch"]
[Site "Orel"]
[Date "1992.??.??"]
[Round "?"]
[White "Zvjaginsev, Vadim"]
[Black "Filipenko, Alexander V"]
[Result "1/2-1/2"]
[WhiteElo "2415"]
[BlackElo "2375"]

1.d4 d5 2.c4 c6 3.e3 Nf6 4.Nc3 e6 5.Nf3 Nbd7 6.Qc2 Bd6 7.Be2 O-O 8.O-O b6
9.e4 Nxe4 10.Nxe4 dxe4 11.Qxe4 Bb7 12.Rd1 Nf6 13.Qh4 Qe7 14.Ne5 Rfd8 15.Bf4 c5
16.dxc5 Bxc5 17.Bg5 h6 18.Bxf6 Qxf6 19.Qxf6 gxf6 20.Nd3 Bd4 21.Bf3 Bxf3 22.gxf3 Kh7
23.Kf1 Rg8 24.Rd2 Rac8 25.Rc1 Rg5 26.b4 Rh5 27.Kg2 Rg8+ 28.Kh1 Rf5 29.f4 e5
30.Re2 Rh5 31.fxe5 fxe5 32.f4 exf4 33.Nxf4 Rhg5 34.Ree1 h5 35.Rcd1 Be5 36.Nd5 f6
37.Rxe5 fxe5 38.Nf6+ Kh6 39.Nxg8+ Rxg8 40.c5 bxc5 41.bxc5 e4 42.Rg1 Rc8 43.Rc1 Rc6
44.Kg2 Kg5 45.Kf2 Kf4 46.h4 a5 47.Ke2 Ke5 48.Ke3 Kd5 49.Rd1+ Kxc5 50.Rc1+  1/2-1/2

[Event "Oslo"]
[Site "Oslo"]
[Date "1992.??.??"]
[Round "3"]
[White "Djurhuus, Rune"]
[Black "Groenn, Atle"]
[Result "1-0"]
[WhiteElo "2420"]
[BlackElo "2310"]

1.d4 d5 2.c4 e6 3.Nc3 c6 4.e3 Nf6 5.Nf3 Nbd7 6.Qc2 Bd6 7.g4 Nxg4 8.Rg1 Nxh2
9.Nxh2 Bxh2 10.Rxg7 Nf8 11.Rg2 Bc7 12.e4 Ng6 13.Bg5 f6 14.Bh6 Nh4 15.O-O-O Nxg2
16.Bxg2 dxc4 17.Bf3 Qe7 18.Bh5+ Kd8 19.e5 Rg8 20.Ne4 f5 21.Nf6 Rg2 22.Qxc4 Bd7
23.Qf1 Rg7 24.Bxg7 Qxg7 25.Qg1 Qh6+ 26.f4 Kc8 27.Qg8+ Bd8 28.Be8 Bxf6 29.Bxd7+ Kxd7
30.Qxa8 Qxf4+ 31.Kb1 Bd8 32.Qxb7+ Bc7 33.Rg1 Qh6 34.Rc1  1-0